|
|
|
|
| LEADER |
00818pam a22002658a 4500 |
| 001 |
00042611 |
| 005 |
20181011081038.0 |
| 008 |
111222s2006 ||||||Engsd |
| 020 |
# |
# |
|a 9786045837528
|c 144000
|
| 041 |
0 |
# |
|a Eng
|
| 082 |
1 |
4 |
|a 428
|b GR104F
|
| 100 |
1 |
# |
|a Aish, Fiona
|
| 245 |
1 |
0 |
|c Fiona Aish, Jo Tomlinson
|a Grammar for IELTS
|
| 260 |
# |
# |
|a TP. HCM
|b Tổng Hợp TP HCM, Công ty TNHH Nhân Trí Việt
|c 2017
|
| 300 |
# |
# |
|e 1 CD
|a 127 tr.
|b ill.
|c 25 cm.
|
| 490 |
# |
# |
|a Collins English for exams
|
| 653 |
# |
# |
|a IELTS TEST
|
| 653 |
# |
# |
|a Ngôn ngữ
|
| 653 |
# |
# |
|a Ngữ pháp
|
| 653 |
# |
# |
|a Tiếng Anh
|
| 653 |
# |
# |
|a Tự học
|
| 700 |
1 |
# |
|a Tomlinson, Jo
|
| 852 |
# |
# |
|j KD.0024772
|
| 910 |
|
|
|d 10/10/2018
|
| 980 |
# |
# |
|a Trung tâm Học liệu Lê Vũ Hùng, Trường Đại học Đồng Tháp
|